| 000 | 00586nam a2200181 i 4500 | ||
|---|---|---|---|
| 001 | 23507 | ||
| 003 | ES-MaACL | ||
| 005 | 20230906152902.0 | ||
| 007 | t| | ||
| 008 | 021210s1979 sp a c |||| | spa d | ||
| 100 | 1 |
_aAlvarez Burgos, Fernando. _920713 |
|
| 245 | 1 | 0 |
_aCatálogo general de la moneda hispánica _b: desde sus orígenes hasta el siglo V / _cFernando Alvarez Burgos. |
| 260 |
_a[Madrid] : _bJesús Vico, _c[1979] |
||
| 300 |
_a248 p. : _bil. ; _c28 cm. |
||
| 500 | _aÍndices. | ||
| 650 | 4 |
_aMonedas antiguas- _zEspaña- _vCatálogos. _9166454 |
|
| 852 |
_aES-MaACL _jA-10816 |
||
| 999 |
_c23507 _d23507 |
||